000 00572nam a22001697a 4500
005 20251108175023.0
008 250721s2011 xx 000 0 ara d
082 1 4 _aم/216/بال
100 1 _aبالثابت، فوزي
_eمؤلف
245 1 0 _aفقه مقاصد الشريعة في تنزيل الأحكام أو فقه الاجتهاد التنزيلي /
264 1 _aعمان :
_bمؤسسة الرسالة ناشرون،
_c2011.
300 _a344ص.
650 1 7 _aالاسلام
650 1 7 _aالفقه الاسلامي
942 _2ddc
_cREF
999 _c124130
_d124130